[Event "ICS rated blitz match"]
[Site "204.178.125.65"]
[Date "1999.09.25"]
[Round "?"]
[White "brutus"]
[Black "Hossa"]
[Result "0-1"]
[WhiteElo "2177"]
[BlackElo "2467"]
[PlyCount "31"]
[EventDate "1999.??.??"]

1. e4 Nc6 2. d4 d5 3. exd5 Qxd5 4. Nf3 Bg4 5. Be2 O-O-O 6. c3 e5 7. dxe5 Qxd1+
8. Bxd1 Nxe5 9. Nbd2 Nd3+ 10. Ke2 Nf6 11. h3 Bxf3+ 12. Nxf3 Bc5 13. Bc2 Rhe8+
14. Be3 Nxb2 15. Rhb1 Bxe3 16. Rxb2 {brutus resigns} 0-1

[Event "ICS rated blitz match"]
[Site "204.178.125.65"]
[Date "1999.09.06"]
[Round "?"]
[White "brutus"]
[Black "Hossa"]
[Result "0-1"]
[WhiteElo "2065"]
[BlackElo "2454"]
[PlyCount "86"]
[EventDate "1999.??.??"]

1. e4 e5 2. Nf3 Nc6 3. Bb5 a6 4. Ba4 Nf6 5. Qe2 b5 6. Bb3 Bc5 7. c3 O-O 8. d3
d6 9. Bg5 a5 10. Nbd2 Be6 11. Nf1 a4 12. Bc2 b4 13. a3 b3 14. Bd1 d5 15. Ng3
Be7 16. Nh4 Nxe4 17. Bxe7 Nxg3 18. Bxd8 Nxe2 19. Bxc7 Nf4 20. Kd2 Rac8 21. Bd6
Rfd8 22. Bb4 e4 23. d4 Nd3 24. g3 Nxf2 25. Rf1 Nd3 26. Be2 Nxb2 27. Rab1 Nxb4
28. axb4 Nc4+ 29. Bxc4 Rxc4 30. Ra1 Bd7 31. Nf5 Bxf5 32. Rxf5 b2 33. Rb1 a3 34.
Rff1 Ra8 35. Kc2 a2 36. Rxb2 a1=Q 37. Rxa1 Rxa1 38. b5 Ra3 39. b6 Raxc3+ 40.
Kd2 e3+ 41. Ke2 Rc2+ 42. Rxc2 Rxc2+ 43. Kxe3 43... Rxh2 {brutus resigns} 0-1

[Event "ICS rated blitz match"]
[Site "204.178.125.65"]
[Date "1999.09.03"]
[Round "?"]
[White "brutus"]
[Black "Hossa"]
[Result "0-1"]
[WhiteElo "2084"]
[BlackElo "2568"]
[PlyCount "24"]
[EventDate "1999.??.??"]

1. e4 c5 2. Nf3 Nc6 3. d4 cxd4 4. Nxd4 g6 5. Nc3 Bg7 6. Be3 Nh6 7. Bc4 O-O 8.
Bb3 Ng4 9. Qxg4 Nxd4 10. h4 d5 11. Qd1 Nxb3 12. axb3 12... d4 {brutus resigns}
0-1

[Event "ICS rated blitz match"]
[Site "204.178.125.65"]
[Date "1999.09.30"]
[Round "?"]
[White "brutus"]
[Black "Hossa"]
[Result "0-1"]
[WhiteElo "2213"]
[BlackElo "2491"]
[Annotator "Fritz 5.32 (20s)"]
[PlyCount "34"]
[EventDate "1999.??.??"]

1. e4 e5 2. Nf3 Nc6 3. Bb5 a6 4. Ba4 Nf6 5. Qe2 b5 6. Bb3 Be7 7. c3 O-O 8. d4
exd4 (8... d6 9. Nbd2 exd4 10. cxd4 Bg4 11. Qe3 d5 12. e5 Ne4 13. O-O Bf5 14.
Rd1 Qd7 15. Nf1 Na5 16. Bc2 Nc4 17. Qe2 f6 18. Ne3 Bg6 19. Nh4 f5 20. Nxg6 hxg6
21. Nxc4 bxc4 22. f3 Ng5 23. b3 {
Tiviakov,S-Ibragimov,I/Elista 1997/CBM 59/1-0 (47)}) 9. Nxd4 $146 (9. e5 Re8
10. O-O dxc3 11. Ng5 d5 12. exd6 Bxd6 13. Bxf7+ Kf8 14. Bxe8 Nd4 15. Qe1 c2 16.
Bf7 cxb1=Q 17. Rxb1 Bf5 18. Be3 h6 19. Bxd4 hxg5 20. Bb3 Bxb1 21. Qe6 Qe8 22.
Qh3 Qh5 23. Qxh5 Nxh5 24. Rxb1 Nf4 25. Be3 c5 26. Rd1 Ke7 27. g3 c4 28. Bc2 Ne6
29. Bf5 Nd8 30. Re1 Bb4 31. Bxg5+ {
1-0 Tiviakov,S-Ziatdinov,R/Amsterdam 1996/EXT 97 (31)}) (9. cxd4 Nxe4 10. Qxe4
Bb4+ 11. Kf1 h6 12. h4 Re8 13. Qd3 d5 14. Nc3 Bb7 15. Bc2 g6 16. Bxh6 Bf8 17.
Bxf8 Kxf8 18. Ng5 Nb4 19. Qf3 f5 20. Bxf5 gxf5 21. Qxf5+ {
1-0 Kandor,L-Georgiadis,P/Hania 1994/EXT 98 (21)}) 9... Re8 10. Nxc6 10... dxc6
{Deckt d5.} 11. O-O $15 (11. f3 11... Bb7 $11) 11... Bc5 12. Bg5 Bg4 13. Qc2
Re5 14. Bxf6 Qxf6 ({Schwaecher ist} 14... gxf6 15. Kh1 $14) 15. Nd2 $19 (15.
Re1 $5 $17 $142) 15... Be2 (15... Rd8 16. Qc1 $19) 16. Rae1 Bxf1 17. Kxf1 $4 {
ein Versehen in unangenehmer Stellung} (17. Rxf1 $142 17... Rae8 18. Kh1 $19)
17... Qxf2# 0-1

[Event "ICS rated blitz match"]
[Site "204.178.125.65"]
[Date "1999.09.28"]
[Round "?"]
[White "brutus"]
[Black "Hossa"]
[Result "0-1"]
[WhiteElo "2181"]
[BlackElo "2496"]
[PlyCount "68"]
[EventDate "1999.??.??"]

1. e4 d5 2. exd5 c6 3. dxc6 Nxc6 4. Nf3 e5 5. Bb5 Bd6 6. d3 Nge7 7. O-O O-O 8.
Nc3 Bg4 9. h3 Bh5 10. Bg5 Nd4 11. g4 Nxb5 12. Nxb5 f6 13. Bd2 Be8 14. Nxd6 Qxd6
15. Qe2 Nc6 16. Bc3 Bf7 17. Nh4 Nd4 18. Bxd4 Qxd4 19. Nf5 Qxb2 20. Rab1 Qxa2
21. Rxb7 Rfe8 22. Nd6 Bd5 23. Rfb1 Bxb7 24. Rxb7 Rab8 25. Rc7 Rb1+ 26. Kh2 Rf8
27. Qe4 g6 28. Nc4 Qxc2 29. Qd5+ Kh8 30. Qc5 Ra8 31. Kg2 Qxd3 32. Qe7 Qe4+ 33.
Kg3 Rg1+ 34. Kh4 34... g5+ {brutus resigns} 0-1

[Event "ICS rated blitz match"]
[Site "204.178.125.65"]
[Date "1999.09.12"]
[Round "?"]
[White "brutus"]
[Black "Hossa"]
[Result "0-1"]
[WhiteElo "2105"]
[BlackElo "2444"]
[PlyCount "37"]
[EventDate "1999.??.??"]

1. e4 c5 2. Nf3 e6 3. d4 cxd4 4. Nxd4 Nc6 5. Nc3 Bb4 6. Ndb5 Nge7 7. a3 Bxc3+
8. Nxc3 d5 9. exd5 Nxd5 10. Nxd5 exd5 11. Be3 O-O 12. Bd3 d4 13. Bd2 Re8+ 14.
Be2 Bf5 15. Rc1 Bxc2 16. Rxc2 d3 17. Rc1 Rxe2+ 18. Kf1 Qf6 19. Be3 {
brutus resigns} 0-1

[Event "ICS rated blitz match"]
[Site "204.178.125.65"]
[Date "1999.09.27"]
[Round "?"]
[White "brutus"]
[Black "Hossa"]
[Result "1-0"]
[WhiteElo "2183"]
[BlackElo "2487"]
[PlyCount "75"]
[EventDate "1999.??.??"]

1. e4 e6 2. d4 d5 3. Nc3 dxe4 4. Nxe4 Nd7 5. Nf3 Ngf6 6. Bd3 Nxe4 7. Bxe4 Be7
8. O-O c5 9. dxc5 Nxc5 10. Qe2 Nxe4 11. Qxe4 O-O 12. Bf4 Qb6 13. b3 Qa5 14. c4
Rd8 15. Be5 f6 16. Bb2 e5 17. Rfd1 Rxd1+ 18. Rxd1 Qxa2 19. Qd5+ Kf8 20. Bxe5
Qxb3 21. Bd6 Bxd6 22. Qxd6+ Kf7 23. Qc7+ Kg6 24. Nh4+ Kh5 25. Rd5+ f5 26. Qf7+
Kxh4 27. g3+ Qxg3+ 28. hxg3+ Kg4 29. Qxg7+ Kf3 30. Qc3+ Kg4 31. Kg2 Kh5 32. Qf6
Be6 33. Qxe6 Rf8 34. Rxf5+ Rxf5 35. Qxf5+ Kh6 36. Qf6+ Kh5 37. f3 a5 38. g4# {
Hossa checkmated} 1-0

[Event "ICS rated blitz match"]
[Site "204.178.125.65"]
[Date "1999.09.30"]
[Round "?"]
[White "brutus"]
[Black "Hossa"]
[Result "0-1"]
[WhiteElo "2209"]
[BlackElo "2495"]
[Annotator "Fritz 5.32 (20s)"]
[PlyCount "116"]
[EventDate "1999.??.??"]

1. e4 e5 2. Nf3 Nc6 3. Bb5 a6 4. Ba4 Nf6 5. Qe2 b5 6. Bb3 Be7 7. c3 O-O 8. d3
d6 (8... d5 9. Nbd2 Bb7 10. Nf1 b4 11. Ng3 bxc3 12. bxc3 d4 13. Bb2 a5 14. Ba4
dxc3 15. Bxc3 Bb4 16. Qd2 Nd7 17. Bxc6 Bxc6 18. Bxb4 axb4 19. Qxb4 Ra4 20. Qc3
Qa8 21. Nf5 Bb5 22. O-O Qa5 23. Rfc1 g6 24. Nh6+ Kg7 25. Ng4 Ra8 26. Qxa5 R8xa5
27. Rxc7 Rxa2 28. Rxa2 Rxa2 29. h3 {
1-0 Tiviakov,S-Nurkic,S/Montecatini Terme 1995/EXT 97 (29)}) (8... h6 9. h3 d5
10. Nbd2 Re8 11. Nf1 Bf8 12. Ng3 Na5 13. Bc2 c5 14. O-O Nc6 15. Nh2 d4 16. Ng4
Nxg4 17. hxg4 g6 18. f3 c4 19. Nh1 Be6 20. Nf2 Rc8 21. Bd2 Re7 22. g3 Rd7 23.
Rfd1 {Mikhaletz,L-Acs,P/Budapest 1998/CBM 63 ext/1-0 (62)}) 9. Nbd2 9... Bg4
$146 (9... Na5 10. Bc2 c5 11. Nf1 Nc6 (11... Re8 12. h3 Nc6 13. g4 d5 14. Ng3
dxe4 15. dxe4 Be6 16. Nf5 16... Nd7 {- Ciocaltea,V-Nikolic,Z/Nis 1981/MCD (16)}
) 12. Ng3 d5 13. exd5 Qxd5 14. Bb3 Qd6 15. O-O Bg4 16. h3 Bxf3 17. Qxf3 Rad8
18. Re1 Qd7 19. Nf5 Rfe8 20. Bg5 Qxd3 21. Re3 e4 22. Qf4 Qd7 23. Nxg7 Nd5 24.
Bxd5 Qxd5 25. Nxe8 {1-0 Pribyl,M-Vorisek,J/CZE 1997/EXT 98 (25)}) (9... Bb7 10.
d4 $11) 10. h3 Bh5 11. Nf1 Na5 12. Bc2 Bxf3 13. Qxf3 c6 14. Ne3 d5 15. Nf5 dxe4
16. dxe4 Nc4 17. O-O Nd6 18. Nxe7+ Qxe7 19. Bg5 Rad8 20. Rfd1 Rd7 21. Bxf6 Qxf6
22. Qxf6 gxf6 23. f3 Rfd8 24. Bb3 c5 (24... Kg7 25. g4 $11) 25. Bd5 $15 (25.
Rd5 $5 $14 $142 {und Weiss kann noch kaempfen}) 25... Nc4 26. Rab1 $17 (26. b4
Ne3 27. Rd2 Nxd5 28. exd5 Rxd5 29. Rxd5 29... Rxd5 $17) 26... Ne3 27. Rd2 Nxd5
28. exd5 Rxd5 29. Rxd5 Rxd5 30. Kf1 (30. a4 30... Rd2 $17) 30... Rd2 31. a3 c4
32. b3 cxb3 33. Rxb3 Ra2 34. Kg1 f5 35. Kh2 (35. h4 35... f4 $19) 35... Kg7 36.
Kg3 f4+ 37. Kh2 e4 (37... f5 $5 38. Kg1 $19) 38. fxe4 38... f3 {
Schwarz geht zum Angriff ueber} 39. Kg3 (39. Kg1 fxg2 40. c4 40... bxc4 $19)
39... fxg2 {Droht Matt: g1Q} 40. Kh2 Kf6 41. c4 41... bxc4 {Droht Matt} 42. Rc3
Ke5 43. Rxc4 Rxa3 44. Kxg2 44... Ra5 $17 (44... h5 $5 45. Rc5+ Kxe4 46. Rxh5
$19) 45. Rc7 $19 (45. Kf3 h5 46. Rc3 f5 47. exf5 47... Kd4 $17) 45... Kxe4 46.
Rxf7 Rg5+ 47. Kf2 $4 {schlecht aber verstaendlich} (47. Kh2 $142 47... h5 48.
Re7+ Kf4 49. Rf7+ Rf5 50. Ra7 $19) 47... Rf5+ 48. Rxf5 Kxf5 49. Ke3 h5 50. Kd4
Kg5 51. Kc5 Kh4 52. Kb6 Kxh3 53. Kxa6 h4 54. Kb5 Kg4 55. Kc4 h3 56. Kd3 h2 57.
Kd4 57... h1=Q {Droht Matt: Qc6} 58. Ke5 (58. Kc3 {hilft allerdings auch nicht}
58... Qe1+ 59. Kb3 Qc1 60. Kb4 Kf5 61. Kb5 Qf4 62. Kc5 Ke6 63. Kc6 Qb4 64. Kc7
Qb5 65. Kc8 Kd6 66. Kd8 Qd7#) 58... Qd1 (58... Qd1 59. Ke6 Qd4 60. Ke7 Kf5 61.
Kf8 Qd7 62. Kg8 Kg6 63. Kf8 Qf7#) (58... Qe1+ 59. Kd6 Qc3 60. Ke6 Qd4 61. Ke7
Kf5 62. Kf8 Qd7 63. Kg8 Kg6 64. Kf8 Qf7#) 0-1

[Event "ICS rated blitz match"]
[Site "204.178.125.65"]
[Date "1999.09.30"]
[Round "?"]
[White "brutus"]
[Black "Hossa"]
[Result "0-1"]
[WhiteElo "2203"]
[BlackElo "2501"]
[Annotator "Fritz 5.32 (20s)"]
[PlyCount "148"]
[EventDate "1999.??.??"]

1. e4 e5 2. Nf3 Nc6 3. Bb5 a6 4. Ba4 Nf6 5. Qe2 b5 6. Bb3 Be7 7. c3 O-O 8. d3
d6 (8... d5 9. Nbd2 Bb7 10. Nf1 b4 11. Ng3 bxc3 12. bxc3 d4 13. Bb2 a5 14. Ba4
dxc3 15. Bxc3 Bb4 16. Qd2 Nd7 17. Bxc6 Bxc6 18. Bxb4 axb4 19. Qxb4 Ra4 20. Qc3
Qa8 21. Nf5 Bb5 22. O-O Qa5 23. Rfc1 g6 24. Nh6+ Kg7 25. Ng4 Ra8 26. Qxa5 R8xa5
27. Rxc7 Rxa2 28. Rxa2 Rxa2 29. h3 {
1-0 Tiviakov,S-Nurkic,S/Montecatini Terme 1995/EXT 97 (29)}) (8... h6 9. h3 d5
10. Nbd2 Re8 11. Nf1 Bf8 12. Ng3 Na5 13. Bc2 c5 14. O-O Nc6 15. Nh2 d4 16. Ng4
Nxg4 17. hxg4 g6 18. f3 c4 19. Nh1 Be6 20. Nf2 Rc8 21. Bd2 Re7 22. g3 Rd7 23.
Rfd1 {Mikhaletz,L-Acs,P/Budapest 1998/CBM 63 ext/1-0 (62)}) 9. Nbd2 9... Bg4
$146 (9... Na5 10. Bc2 c5 11. Nf1 Nc6 (11... Re8 12. h3 Nc6 13. g4 d5 14. Ng3
dxe4 15. dxe4 Be6 16. Nf5 16... Nd7 {- Ciocaltea,V-Nikolic,Z/Nis 1981/MCD (16)}
) 12. Ng3 d5 13. exd5 Qxd5 14. Bb3 Qd6 15. O-O Bg4 16. h3 Bxf3 17. Qxf3 Rad8
18. Re1 Qd7 19. Nf5 Rfe8 20. Bg5 Qxd3 21. Re3 e4 22. Qf4 Qd7 23. Nxg7 Nd5 24.
Bxd5 Qxd5 25. Nxe8 {1-0 Pribyl,M-Vorisek,J/CZE 1997/EXT 98 (25)}) (9... Bb7 10.
d4 $11) 10. h3 Bh5 11. Nf1 Na5 12. Bc2 Bxf3 13. Qxf3 c6 14. Bg5 (14. Ne3 14...
d5 $14) 14... Ne8 15. Bxe7 Qxe7 16. Ne3 Nf6 17. Nf5 Qe6 18. b4 Nb7 19. Bb3 d5
20. exd5 $11 (20. Qg3 20... Ne8 $14) 20... cxd5 21. Bxd5 $17 (21. O-O $11 $142
{ist noch spielbar}) 21... Nxd5 22. Qxd5 22... Qxf5 $1 {bleibt am Druecker} ({
Schwaecher scheint} 22... Qxd5 23. Ne7+ Kh8 24. Nxd5 $14) 23. Qxb7 Qxd3 24. Qf3
Qxf3 25. gxf3 Rac8 26. Rc1 Rc4 27. Ke2 27... Rfc8 {
Richtet die Aufmerksamkeit auf den rueckstaendigen Bauern} 28. Rhd1 Kf8 (28...
Rxc3 $4 {das Schlagen des Bauern ist schlecht} 29. Rxc3 Ra8 30. Rd5 $18) 29.
Rd6 Rxc3 30. Rxc3 Rxc3 31. Rxa6 Rc2+ 32. Kf1 32... Rc4 $11 (32... Ke7 33. Ra5
$15) 33. a3 Rc3 34. Ra7 $15 (34. Ra5 Rxf3 35. Kg2 35... e4 $11) 34... Rxf3 35.
Kg2 e4 36. Ra5 g6 37. Rxb5 Rxa3 38. Rb7 e3 (38... g5 39. b5 $15) 39. fxe3 Rxe3
40. Kh2 $17 (40. b5 40... g5 $15) 40... Kg7 41. Kg2 Rb3 42. Kh2 Kf6 43. Rb5 h5
44. Kg2 h4 45. Kh2 Rb2+ 46. Kg1 Ke6 47. Kf1 $19 (47. Rb7 47... g5 $19) 47...
Rh2 48. Rb6+ Ke7 49. Rb7+ Kf6 50. Rb6+ Kg5 51. Rb7 f5 52. b5 52... Rxh3 {
Schwarz erhaelt starke Initiative} 53. b6 (53. Rb6 53... Rb3 $19) 53... Rb3 54.
Rb8 Rb2 (54... h3 $5 {damit wuerde Schwarz es sich noch erleichtern} 55. b7 Kg4
56. Rd8 Rb1+ 57. Kf2 $19) 55. b7 h3 56. Kg1 56... Kf4 {Es droht Matt} 57. Rh8
Rxb7 58. Rxh3 Rb1+ 59. Kf2 Rb2+ 60. Kf1 g5 61. Ra3 Kg4 62. Kg1 Re2 63. Kf1 Rh2
64. Kg1 Rd2 65. Kf1 f4 66. Ke1 Rh2 (66... Rb2 $5 {ginge schneller} 67. Kf1 $19)
67. Kf1 Rb2 68. Rc3 (68. Rd3 {nuetzt auch nichts mehr} 68... f3 69. Rd5 69...
Kf4 $19) 68... Kh4 (68... f3 $142 {laesst dem Gegner kaum Chancen} 69. Rc5 Kf4
70. Ke1 $19) 69. Ra3 (69. Rf3 $19 {sonst gehen die Lichter sofort aus}) 69...
g4 70. Kg1 (70. Ke1 {holt die Kuh nicht vom Eis} 70... f3 71. Ra7 71... Kg3 $19
) 70... f3 71. Kf1 71... g3 {Schwarz plant f2} (71... Kg3 72. Re3 Rb1+ 73. Re1
Rxe1+ 74. Kxe1 Kf4 75. Kd1 g3 76. Kd2 g2 77. Kd3 f2 78. Kd4 f1=Q 79. Kd5 g1=Q
80. Ke6 Qc4+ 81. Ke7 Qg7+ 82. Kd6 Qgc7#) 72. Ra4+ (72. Rxf3 Kh3 73. Ke1 $19)
72... Kh3 {Jetzt haengt g2 in der Luft} 73. Ke1 (73. Rh4+ {
kann das Vorangegangene nicht ungeschehen machen} 73... Kxh4 74. Ke1 g2 75. Kd1
g1=Q#) 73... f2+ 74. Kf1 g2# 0-1

[Event "ICS rated blitz match"]
[Site "204.178.125.65"]
[Date "1999.09.11"]
[Round "?"]
[White "brutus"]
[Black "Hossa"]
[Result "0-1"]
[WhiteElo "2112"]
[BlackElo "2447"]
[PlyCount "30"]
[EventDate "1999.??.??"]

1. e4 c5 2. Nf3 d6 3. d4 cxd4 4. Nxd4 Nf6 5. Nc3 a6 6. Be3 e5 7. Nb3 Be6 8. Qd2
Be7 9. f3 O-O 10. O-O-O Nc6 11. g4 Rc8 12. g5 Nd7 13. h4 Bxb3 14. axb3 Qa5 15.
Nd5 15... Qa1# {brutus checkmated} 0-1

[Event "ICS rated blitz match"]
[Site "204.178.125.65"]
[Date "1999.09.28"]
[Round "?"]
[White "brutus"]
[Black "Hossa"]
[Result "0-1"]
[WhiteElo "2191"]
[BlackElo "2486"]
[PlyCount "82"]
[EventDate "1999.??.??"]

1. e4 d5 2. exd5 c6 3. dxc6 Nxc6 4. Nf3 e5 5. d3 Bd6 6. Be2 Nge7 7. Nc3 O-O 8.
O-O Bf5 9. Bg5 Qb6 10. Rb1 Rfd8 11. Qc1 f6 12. Be3 Qb4 13. a3 Qa5 14. Ne4 Bc7
15. Nh4 Nd4 16. Bxd4 Bxe4 17. Bc3 Qa6 18. Qe3 Bc6 19. Bf3 Qa4 20. g3 Qxc2 21.
Bxc6 Nxc6 22. Rbd1 Qa4 23. Nf5 Qg4 24. Qe4 Qh3 25. d4 g6 26. Ne3 f5 27. Qd3 f4
28. Qc4+ Kg7 29. dxe5 fxe3 30. e6+ Kh6 31. fxe3 Bxg3 32. hxg3 Qxg3+ 33. Kh1
Rxd1 34. Rxd1 Qf3+ 35. Kh2 Qxd1 36. Qf4+ g5 37. Bg7+ Kh5 38. Qf7+ Kg4 39. e4
Qe2+ 40. Kg1 Kg3 41. Qf5 41... Qg2# {brutus checkmated} 0-1

[Event "ICS rated blitz match"]
[Site "204.178.125.65"]
[Date "1999.09.24"]
[Round "?"]
[White "brutus"]
[Black "Hossa"]
[Result "0-1"]
[WhiteElo "2132"]
[BlackElo "2455"]
[PlyCount "28"]
[EventDate "1999.??.??"]

1. e4 e5 2. Nf3 Nf6 3. Nc3 Bb4 4. Bc4 d6 5. O-O Bxc3 6. bxc3 Nxe4 7. d4 d5 8.
Re1 O-O 9. Nxe5 Nxc3 10. Qf3 f6 11. Ng4 Bxg4 12. Qxg4 dxc4 13. Ba3 Re8 14. Re6
14... Nc6 {brutus resigns} 0-1

[Event "ICS rated blitz match"]
[Site "204.178.125.65"]
[Date "1999.09.12"]
[Round "?"]
[White "brutus"]
[Black "Hossa"]
[Result "0-1"]
[WhiteElo "2113"]
[BlackElo "2436"]
[PlyCount "52"]
[EventDate "1999.??.??"]

1. e4 c5 2. Nf3 e6 3. d4 cxd4 4. Nxd4 Nc6 5. Nc3 Bb4 6. Ndb5 Nge7 7. a3 Bxc3+
8. Nxc3 d5 9. exd5 Nxd5 10. Nxd5 exd5 11. Be2 O-O 12. O-O Bf5 13. c3 Re8 14.
Bf3 Be4 15. Be3 Qh4 16. Bxe4 dxe4 17. Qb3 Re7 18. Rad1 Rc8 19. Rd5 Qg4 20. h3
Qe6 21. Rfd1 Rd7 22. Qb5 a6 23. Qc5 b6 24. Rxd7 bxc5 25. R1d6 Qe8 26. Bxc5
26... Nb8 {brutus resigns} 0-1

[Event "ICS rated blitz match"]
[Site "204.178.125.65"]
[Date "1999.09.11"]
[Round "?"]
[White "brutus"]
[Black "Hossa"]
[Result "1-0"]
[WhiteElo "2096"]
[BlackElo "2463"]
[PlyCount "63"]
[EventDate "1999.??.??"]

1. e4 c5 2. Nf3 d6 3. d4 cxd4 4. Nxd4 Nf6 5. Nc3 a6 6. Be3 e5 7. Nb3 Be6 8. Qd2
Be7 9. f3 O-O 10. O-O-O Nc6 11. g4 Rc8 12. Kb1 Nb4 13. g5 Nd7 14. h4 f6 15. Bh3
Bxb3 16. cxb3 Kh8 17. Bf5 fxg5 18. hxg5 Rxf5 19. exf5 Nf8 20. Rh5 Qe8 21. Rdh1
Qc6 22. g6 Qxf3 23. Rxh7+ Nxh7 24. Rxh7+ Kg8 25. Rh8+ Kxh8 26. Qh2+ Bh4 27.
Qxh4+ Kg8 28. Qh7+ Kf8 29. Qh8+ Ke7 30. Qxg7+ Ke8 31. Qf7+ Kd8 32. Bg5# {
Hossa checkmated} 1-0

[Event "ICS rated blitz match"]
[Site "204.178.125.65"]
[Date "1999.09.11"]
[Round "?"]
[White "brutus"]
[Black "Hossa"]
[Result "0-1"]
[WhiteElo "2104"]
[BlackElo "2455"]
[PlyCount "52"]
[EventDate "1999.??.??"]

1. e4 c5 2. Nf3 d6 3. d4 cxd4 4. Nxd4 Nf6 5. Nc3 a6 6. Be3 e5 7. Nb3 Be6 8. Qd2
Be7 9. f3 O-O 10. O-O-O Nc6 11. g4 Rc8 12. g5 Nd7 13. Kb1 Bxb3 14. axb3 Nb4 15.
Bc4 Qa5 16. h4 Rc6 17. h5 b5 18. Bd5 Rxc3 19. Qxc3 Qa2+ 20. Kc1 Nxd5 21. exd5
f5 22. g6 h6 23. f4 exf4 24. Bd4 Bg5 25. Rhg1 Nf6 26. Rxg5 26... Ne4 {
brutus resigns} 0-1

[Event "ICS rated blitz match"]
[Site "204.178.125.65"]
[Date "1999.09.18"]
[Round "?"]
[White "brutus"]
[Black "Hossa"]
[Result "0-1"]
[WhiteElo "2102"]
[BlackElo "2469"]
[PlyCount "52"]
[EventDate "1999.??.??"]

1. e4 e5 2. Nf3 Nc6 3. Bb5 a6 4. Ba4 Nf6 5. Qe2 b5 6. Bb3 Bc5 7. c3 O-O 8. d3
d6 9. Bg5 a5 10. Nbd2 Be6 11. Nf1 a4 12. Bc2 b4 13. a3 b3 14. Bd1 d5 15. Ng3
Be7 16. Nh4 Nxe4 17. Bxe7 Nxg3 18. hxg3 Qxe7 19. Qh5 Qd7 20. g4 f6 21. Nf5 Bxf5
22. gxf5 h6 23. Qg6 Ne7 24. Qg3 d4 25. Bg4 dxc3 26. O-O-O 26... Qc6 {
brutus resigns} 0-1

[Event "ICS rated blitz match"]
[Site "204.178.125.65"]
[Date "1999.09.18"]
[Round "?"]
[White "brutus"]
[Black "Hossa"]
[Result "0-1"]
[WhiteElo "2118"]
[BlackElo "2566"]
[Annotator "Fritz 5.32 (20s)"]
[PlyCount "57"]
[EventDate "1999.??.??"]

1. e4 1... e5 {Opening = C77 - 4.Ba4 Nf6 5.---} 2. Nf3 Nc6 3. Bb5 a6 4. Ba4 Nf6
5. Qe2 b5 6. Bb3 Bc5 7. c3 O-O 8. d3 d6 9. Bg5 9... a5 $14 (9... Be6 10. Bd5 (
10. Nbd2 Qe7 (10... h6 11. Bh4 Re8 12. O-O Ra7 13. Bd5 Nb8 14. b4 Bb6 15. a4 c6
16. Bxe6 Rxe6 17. a5 Bc7 18. d4 g5 19. Bg3 Nbd7 20. Rad1 Nh5 21. h4 Nf4 22. Qe3
Bb8 23. hxg5 hxg5 24. dxe5 dxe5 25. Nb3 {
Staunton,H-Von Heydebrand und der L,T/Brussels 1853/HCL/ - (43)}) (10... Bb6
11. Nf1 Ne7 12. Ne3 Bxe3 13. fxe3 c5 14. Bxf6 gxf6 15. O-O Ng6 16. Nd2 a5 17.
Qf3 a4 18. Bd5 Rb8 19. Qxf6 Qxf6 20. Rxf6 Kg7 21. Rf2 Bd7 22. Raf1 f6 23. a3
Ne7 24. Ba2 Bc6 25. d4 {
Zimmermann,L-Grotenhuis,G/NLD-chT9596 1995/EXT 99/1-0 (40)}) 11. Bd5 Bxd5 12.
exd5 Nb8 13. Ne4 Nbd7 14. Nh4 h6 15. Nf5 Qd8 16. Bh4 Kh7 17. Qf3 Rh8 18. g4 Kg8
19. Nxg7 Kxg7 20. Rg1 Nxe4 21. Bxd8 Bxf2+ 22. Ke2 Bxg1 23. dxe4 Bxh2 24. Bxc7
Bf4 25. Bxd6 f6 26. a4 Nb6 27. b3 bxa4 28. Bc7 {
1-0 Tiviakov,S-Almasi,Z/Wijk aan Zee 1995/CBM 46/[Wedberg] (28)}) 10... Bxd5
11. exd5 Nb8 12. Nbd2 Nbd7 13. Ne4 Bb6 14. Bh4 Kh8 15. Nfd2 Qc8 16. Nxf6 Nxf6
17. Bxf6 gxf6 18. Qf3 f5 19. g4 f4 20. Ke2 c6 21. dxc6 Qe6 22. Rhe1 Rae8 23.
Kd1 d5 24. g5 {Haensel,T-Stevanovic,I/Leipzig 1995/Juniors/0-1 (43)}) (9... h6
10. Bh4 $11) 10. a3 {Verwehrt dem Gegner b4} 10... a4 {Schwarz gewinnt Raum}
11. Bc2 $11 (11. Bd5 11... Bd7 $14) 11... Bg4 12. Nbd2 Qe7 13. h3 Be6 14. Nf1
h6 15. Bh4 15... d5 $14 (15... g5 $5 16. Bg3 16... Bb6 $11) 16. g4 $11 (16.
Bxf6 Qxf6 17. d4 exd4 18. e5 Nxe5 19. Qxe5 Qxe5+ 20. Nxe5 $15) 16... dxe4 17.
dxe4 Bc4 18. Bd3 Bxd3 19. Qxd3 Rab8 20. Ne3 20... Bxe3 $14 (20... Rfd8 $5 {
ist bedenkenswert} 21. Qe2 Bxe3 22. Qxe3 22... Qe6 $11) 21. Qxe3 (21. fxe3 Rfd8
22. Bxf6 22... Qxf6 $17 (22... gxf6 $143 23. Qe2 $11)) 21... Rfd8 22. O-O $11 (
22. g5 $5 {ist interessant} 22... hxg5 23. Qxg5 $14) 22... Qe6 23. Bxf6 $15 (
23. Rad1 23... Ne7 $11) 23... Qxf6 24. Rfd1 24... Kh8 $11 (24... Na5 $5 $15 {
kommt in Betracht}) 25. Kg2 25... Qg6 $14 (25... Ne7 26. Qc5 Ng6 27. Qxc7 Nf4+
28. Kg3 $11) 26. Nh4 $11 (26. Rd5 26... Rd6 $14) 26... Qe6 27. Nf5 $15 (27.
Rxd8+ Rxd8 28. Qc5 Qc4 29. Qxc4 29... bxc4 $11) 27... Qc4 $14 (27... Na5 $5 $15
{ist zu beachten}) 28. f3 $15 (28. g5 $5 $14 {ist vielleicht staerker}) 28...
Qb3 29. Rab1 $4 $19 (29. Qe2 $15 $142 {war der letzte Versuch}) 0-1

[Event "ICS rated blitz match"]
[Site "204.178.125.65"]
[Date "1999.09.18"]
[Round "?"]
[White "brutus"]
[Black "Hossa"]
[Result "1-0"]
[WhiteElo "2091"]
[BlackElo "2594"]
[Annotator "Fritz 5.32 (20s)"]
[PlyCount "47"]
[EventDate "1999.??.??"]

1. e4 1... c5 {Opening = B46 - 5.Nc3 a6} 2. Nf3 e6 3. d4 cxd4 4. Nxd4 a6 5. Nc3
Nc6 6. Be3 Bb4 7. Bd3 (7. Qd2 Nf6 8. f3 d5 9. a3 Bxc3 10. Qxc3 dxe4 11. O-O-O
Qc7 12. Nxc6 Qxc6 13. Qxc6+ bxc6 14. fxe4 Nxe4 15. Bd3 Nf6 16. Bd4 O-O 17. Rhf1
Nd5 18. c4 Ne7 19. Bc5 Re8 20. Be4 f5 21. Bxe7 21... Rxe7 {
Reznicek,T-Vujovic,M/Imperia 1996/EXT 99/1-0 (45)}) (7. Nxc6 bxc6 8. Qd4 Bxc3+
9. Qxc3 Nf6 10. f3 O-O 11. Bc5 Re8 12. O-O-O d5 13. h4 a5 14. h5 h6 15. g4 Nh7
16. Bd4 f6 17. e5 Qc7 18. Bd3 c5 19. Qxc5 Qxc5 20. Bxc5 fxe5 21. Bb5 Ba6 22.
Bxe8 Rxe8 23. Rhe1 Ng5 24. Rxe5 Nxf3 25. Re3 Ng5 26. Bb6 a4 27. Rxd5 Bc4 28.
Rd8 Rxd8 29. Bxd8 Bxa2 30. Bxg5 hxg5 31. b3 a3 32. Rxe6 {
1-0 Prax,I-Rozkovec,L/Svetla nad Sazavou 1998/EXT 99 (32)}) 7... Nge7 8. O-O
Bxc3 9. bxc3 9... O-O $146 (9... d5 10. f4 dxe4 11. Bxe4 Nd5 12. Qf3 Nce7 13.
c4 Nxe3 14. Qxe3 g6 15. Rab1 Qc7 16. Kh1 O-O 17. Qf3 Rb8 18. Bd3 Bd7 19. Rb2
Rfd8 20. Rfb1 Bc8 21. Qe3 Qc5 22. Nf5 Qxe3 23. Nxe3 Rd4 24. g3 {
Pitschel,K-Mackenzie,G/Paris 1878/HCL/ - (72)}) 10. Rb1 d5 11. Nxc6 11... bxc6
{Kontrolliert b5.} 12. e5 Qa5 13. Bd2 13... Qxa2 $4 $18 (13... c5 $11 $142 {
ist gerade noch spielbar}) 14. Qh5 {Droht Matt} 14... g6 15. Qg5 Ra7 (15... Qa5
16. Qxe7 16... Qd8 $18) 16. Ra1 (16. Qf6 g5 17. Bxg5 Qc4 18. Bxh7+ Kxh7 19.
Qh6+ Kg8 20. Bf6 Qxf1+ 21. Kxf1 c5 22. Qg7#) 16... Qxa1 17. Rxa1 {Es droht Matt
} 17... Nf5 (17... f5 {aendert nichts am Ausgang der Partie} 18. exf6 Nf5 19.
Bf4 $18) 18. Bxf5 $1 {triumphiert} 18... exf5 19. Qf6 f4 20. Bxf4 g5 21. Qxg5+
Kh8 22. Qf6+ Kg8 23. Bh6 Re7 (23... Re8 {macht keinen grossen Unterschied} 24.
Qg7#) 24. Qg7# 1-0